A. WESLEY POWELL LEARNING RESOURCE CENTRE (WPLRC)

Wonderful Place to Learn, Research & Collaborate

Computing Essentials (Record no. 16258)

MARC details
000 -LEADER
fixed length control field nam a22 4500
001 - ACCESSION NUMBER
control field 000
003 - CONTROL NUMBER IDENTIFIER
control field 000
005 - DATE AND TIME OF LATEST TRANSACTION
control field 20210504130831.0
008 - FIXED-LENGTH DATA ELEMENTS--GENERAL INFORMATION
fixed length control field 000
020 ## - INTERNATIONAL STANDARD BOOK NUMBER
International Standard Book Number 0-07-247997-3
040 ## - CATALOGING SOURCE
Transcribing agency 000
082 ## - DEWEY DECIMAL CLASSIFICATION NUMBER
Classification number OLE
Item number 34318
245 ## - TITLE STATEMENT
Title Computing Essentials
Statement of responsibility, etc. O'Leary, Timothy
260 ## - PUBLICATION, DISTRIBUTION, ETC. (IMPRINT)
Place of publication, distribution, etc. New York
Name of publisher, distributor, etc. MCGraw-Hill
Date of publication, distribution, etc. 2001-2002
300 ## - PHYSICAL DESCRIPTION
Extent 27 cm
942 ## - ADDED ENTRY ELEMENTS (KOHA)
Source of classification or shelving scheme Dewey Decimal Classification
Koha item type Circ Books
Classification part OLE
Item part 34318
Holdings
Withdrawn status Lost status Source of classification or shelving scheme Damaged status Not for loan Home library Current library Date acquired Total Checkouts Full call number Barcode Date last seen Price effective from Koha item type
    Dewey Decimal Classification     Wesley Powell Learning Resource Centre Wesley Powell Learning Resource Centre 05/04/2021   OLE 34318 0-07-247997-3 05/04/2021 05/04/2021 Circ Books